Регионална библиотека "Любен Каравелов" - Русе

Огледалце, огледалце (Запис номер 326851)

MARC детайли
000 -Лидер
Контролно поле с фиксирана дължина nam a22 a 4500
003 - Код на организацията, давaща контролен номер
Контролно поле BLK
005 - Дата и час на последна редакция
Контролно поле 20210927114058.0
008 - Елементи от данни с фиксирана дължина
fixed length control field 181129b bu ao||gr|||| 00| 0 bu d
020 ## - Международен стандартен номер на книга ISBN
Международен стандартен номер на книга ISBN 9789542721420
040 ## - Източник на каталожния запис
Идентификатор на билиотеката - собственик на записа BLK
041 ## - Код за език
Код за езика на текст/звукозапис или на отделно заглавие Български
Код за езика КДБФ Български
080 ## - УДК
Текстов определител УДК Английска литература
УДК код - определител по УДК 821.111
УДК - код + определител 821.111-31
100 ## - Редна дума - Автор
Автор Делевин, Кара
Авторска отговорност първи автор
R(LIN) 1299
139 ## - Редно поле
Редна дума Делевин, Кара
Авторски знак Дел - Д 36
245 ## - Сведения за заглавието
Заглавие Огледалце, огледалце
246 ## - Различни форми на заглавието
Паралелно заглавие Mirror, mirror
260 ## - Област на издателските данни
9 (RLIN) 209434
Място на издаване, разпространение и проч. София
Име на издателя, разпространителя и проч. Егмонт България
Година на издаване 2018
Печатница Ропринт ЕАД
Дата на отпечатване 2018
300 ## - Физическа характеристика
Страници 359 с.
Илюстрации и др. с ил.
Размери/Мащаб 21 см
380 ## - Жанр
Жанр Худож. лит.
500 ## - Общи забележки
Забележка Ориг. загл.: Mirror, mirror / Cara Delevingne, Rowan Coleman<br/>Възприетата форма на името на авт. Роуън Колман е Роуан Колман
650 #7 - Допълнително описание по предмет – тема
9 (RLIN) 169685
Основно описание – тема или топоним Роман
700 ## - Други автори (авторска отговорност)
9 (RLIN) 375047
Лично име Недялкова, Десислава
Автороска отговорност (Описва отношението между автора и произведението) прев. от англ.
700 ## - Други автори (авторска отговорност)
9 (RLIN) 1311
Лично име Мирчев, Радомир
Автороска отговорност (Описва отношението между автора и произведението) ред.
700 ## - Други автори (авторска отговорност)
9 (RLIN) 390420
Лично име Върбанова, Павлина Стефанова
Автороска отговорност (Описва отношението между автора и произведението) кор.
852 ## - Местоположение
Форматна сигнатура Цб 291932
999 ## - СИСТЕМНИ КОНТРОЛНИ НОМЕРА
Koha biblionumber 326851
Koha biblioitemnumber 326851
942 ## - АРТИКУЛИ
Вид на библиотечния материал Книги
Скрит в OPAC Не
Koha issues (borrowed), all copies 11
944 ## - СЪЗДАВАНЕ И РЕДАКЦИЯ на ЗАПИСА
Създаване/Редакция Създаване
Дата на регистрацията/редакция 2018-11-29
Служител, извършил регистрацията/редакцията Моника Янева
Статус, дата на статуса 2018-11-29
999 ## - СИСТЕМНИ КОНТРОЛНИ НОМЕРА
Koha biblioitemnumber 326851
999 ## - СИСТЕМНИ КОНТРОЛНИ НОМЕРА
Koha biblioitemnumber 326851
Наличности
Код за отписване Код за изгубен артикул Източник на класификационната схема Код за повреда Коз за рестрикции Код за отдаване Артикулен № Име на библиотеката - собственик Име на библиотеката, в която се намира в момента Статус (Текущо местоположение) Дата на вписване в системата Местоположение - отдел Цена в лева Систематично азбучна сигнатура Баркод Цена в евро Служебен тип на артикула
  Не е изгубен Universal Decimal Classification Не е повреден без рестрикции ползва се в читалня 683417 Регионална библиотека "Любен Каравелов" Русе Регионална библиотека "Любен Каравелов" Русе Хранилище 2018-11-30 Хранилище 14.90 Цб 291932 120000826014 7.62 Книги
  Не е изгубен Universal Decimal Classification Не е повреден   заемане за дома 706587 Регионална библиотека "Любен Каравелов" Русе Регионална библиотека "Любен Каравелов" Русе Заемна - подръчен фонд 2019-05-13 Заемна - подръчен фонд 11.17 П 820-31/Д 36 120000831909 5.71 Книги
Vip Innovations Ltd, Rousse, Bulgaria 2025